000 00301 a2200157 4500
001 175628
020 _a
040 _cMagnum
100 _aSilva, Alina C.
240 1 0 _aO andaluz
_lpor
245 1 0 _aO andaluz
362 0 _a1899
440 1 _aFTD
697 _aMAGNITO: I/ANIMAIS
942 _cBK
999 _c175628
_d175628